Statistics for Top 50 NFL First Round Picks ever

Click here to take the quiz!

General Stats

  • This quiz has been taken 49 times
  • The average score is 39 of 50

Answer Stats

YearPickPositionTeamPlayer% Correct
19893RBDETBarry Sanders
98%
20072WRDETCalvin Johnson
98%
19895CBATLDeion Sanders
98%
198516WRSFFJerry Rice
98%
20043WRARILarry Fitzgerald
98%
19812LBNYGLawrence Taylor
98%
199821WRMINRandy Moss
98%
200524QBGBPAaron Rodgers
95%
19576RBCLEJim Brown
95%
19981QBINDPeyton Manning
95%
20077RBMINAdrian Peterson
93%
19851DEBUFBruce Smith
93%
198327QBMIADan Marino
93%
200224SBALEd Reed
93%
199017RBDALEmmitt Smith
93%
199626LBBALRay Lewis
93%
19754RBCHIWalter Payton
93%
201413DTSTLAaron Donald
91%
19831QBDENJohn Elway
91%
199619WRINDMarvin Harrison
91%
19691RBBUFO.J. Simpson
91%
199713TEKANTony Gonzalez
91%
20015RBSDCLaDainian Tomlinson
89%
19701QBPITTerry Bradshaw
89%
198328CBWASDarrell Green
86%
19694DTPITJoe Greene
86%
19444QBCLEOtto Graham
86%
19832RBLAREric Dickerson
84%
200316SPITTroy Polamalu
84%
19818SSFFRonnie Lott
82%
19803OTCINAnthony Munoz
80%
19653LBCHIDick Butkus
80%
19844DEPHIReggie White
80%
19942RBINDMarshall Faulk
75%
19654RBCHIGale Sayers
73%
19905LBSDCJunior Seau
73%
19376QBWASSammy Baugh
70%
199528LBTBBDerrick Brooks
66%
196715DTMINAlan Page
59%
198710CBPITRod Woodson
59%
19839IOLHOUBruce Matthews
55%
19734IOLNEPJohn Hannah
50%
19841QBTBBSteve Young
50%
19491LBPHIChuck Bednarik
45%
19964OTBALJonathan Ogden
45%
196113DTDALBob Lilly
41%
196717IOLOAKGene Upshaw
39%
19623DTLARMerlin Olsen
39%
19765CBNEPMike Haynes
34%
19578IOLBALJim Parker
23%

Score Distribution

Percentile by Number Answered

Percent of People with Each Score

Your Score History

You have not taken this quiz